| 000 | 00392cam a22001337a 4500 | ||
|---|---|---|---|
| 008 | 180718b1980 xxu||||| |||| 00| 0 eng d | ||
| 082 | _aA6x56 M317/80 | ||
| 245 |
_aThe middle East : a political and economic survey _cedited by Peter Mansfield |
||
| 250 | _a5th | ||
| 260 |
_aOxford _boxford University _c1980 |
||
| 300 | _aix,579p. | ||
| 650 | _aMiddle East. | ||
| 700 | _aMansfield, Peter, ed. | ||
| 999 |
_c412758 _d412758 |
||